[Event "Valencia Region-ch Primera"]
[Site "Valencia"]
[Date "2016.11.12"]
[Round "6"]
[White "Luque Saiz, Andres"]
[Black "Guillot Garcia, Antonio"]
[Result "1/2-1/2"]
[WhiteElo "1625"]
[BlackElo "1861"]
[PlyCount "75"]
[EventDate "2016.10.01"]
[EventType "swiss"]
[EventRounds "7"]
[EventCountry "ESP"]
[SourceTitle "EXT 2024"]
[Source "ChessBase"]
[SourceDate "2023.10.10"]
[SourceVersion "1"]
[SourceVersionDate "2023.10.10"]
[SourceQuality "1"]

1. d4 Nf6 2. Nf3 g6 3. Bg5 Bg7 4. Nbd2 0-0 5. e3 d6 6. Bd3 c5 7. c3 Nc6 8. 0-0 b6 9. a3 Bb7 10. b4 Qd7 11. Bb5 a6 12. Ba4 b5 13. Bb3 c4 14. Bxf6 Bxf6 15. Bc2 Rad8 16. Ne4 Bg7 17. Qd2 e5 18. Rad1 f5 19. Ng3 e4 20. Ne1 Ne7 21. Ne2 Bf6 22. g3 Nd5 23. Nf4 g5 24. Nxd5 Bxd5 25. f4 gxf4 26. gxf4 Bf7 27. Kh1 Bh5 28. Ra1 Kh8 29. Bd1 Qf7 30. Ng2 Rg8 31. Qf2 Bg7 32. Rg1 Bf6 33. Be2 Rg7 34. Raf1 Rdg8 35. Re1 Ra8 36. Ra1 Rag8 37. Rae1 Ra8 38. Ra1 1/2-1/2